00947nab a22001817a 4500003000400000005001700004008004100021040000700062100002600069245009900095300001500194500003600209505019400245505012400439650002300563650002900586773015000615OSt20260105152022.0190514b xxu||||| |||| 00| 0 spa d cPJ aPortillo, Claudia E. 13aLas cosas por su nombre : bel poder transformador de las sentencias / cClaudia E. Portillo. ap. 186-195 aCita: TR LALEY AR/DOC/873/2025. aSumario: I. La sentencia.— II. La autonomía de la voluntad y sus límites.— III. Falso SAP.— IV. Función judicial en el marco de un pedido de homologación.— V. Conclusiones.  tFallo comentado: TColeg. Familia Nro. 3, Santa Fe ~ 01/11/2024 ~ P., N. R. c. B., J. M. s/ homologaciones de acuerdos. 0aDERECHO DE FAMILIA 0aJURISPRUDENCIA APLICABLE0 02844dBuenos Aires : AbeledoPerrot, 1989-tDerecho de familia. Revista Interdisciplinaria de doctrina y jurisprudencia. Junio 2025-III.z18511201